| 000 | 01025nam a2200253 i 4500 | ||
|---|---|---|---|
| 001 | 53379 | ||
| 003 | ES-MaACL | ||
| 005 | 20230906162744.0 | ||
| 007 | t| | ||
| 008 | 940301m18891890sp ||||1| spa d | ||
| 080 | _a94(37)"-0030/+0476" | ||
| 245 | 0 | 0 |
_aEscritores de la historia augusta / _ctraducción directa del latín por Francisco Navarro Calvo. |
| 260 |
_aMadrid : _bLibrería de la Viuda de Hernando y Cª, _c1889-1890 ( _fEstab. Tip. "Sucesores de Rivadeneyra") |
||
| 300 |
_a3 v. (404 ; 355 ; 381 p.) ; _c19 cm. |
||
| 490 | 1 |
_aBiblioteca clásica ; _v129, 131, 134 |
|
| 530 | _aDisponible en formato digital. | ||
| 650 | 4 |
_aEmperadores- _zRoma- _xBiografías. _9162493 |
|
| 651 | 4 |
_aRoma- _xHistoria- _y30 a.C.-476 d.C., Imperio. _99319 |
|
| 700 | 1 |
_aNavarro y Calvo, Francisco. _985185 |
|
| 830 | 1 |
_aBiblioteca clásica ; _v129, 131, 134 _9180370 |
|
| 852 |
_aES-MaACL _jF-13098-100 |
||
| 856 |
_uhttp://bdh-rd.bne.es/viewer.vm?id=0000235415&page=1 _zBiblioteca Digital Hispánica |
||
| 999 |
_c53379 _d53379 |
||